00498nmm a2200169Ia 4500008004100000020001800041041000800059100002300067245005700090264003900147300001800186490002600204650002300230856005100253942000700304999001700311251105s9999||||xx |||||||||||||||||und|| a9788446041870 aspa aCampagna, Federico 0aLa última noche. Anti-trabajo, ateísmo, aventura a[Madrid, España] :bAkal, c2015 a128 páginas aPensamiento crítico aPhilosophy, Ethics uhttps://public.digitaliapublishing.com/a/37598 cCF c83023d83023